Štruktúrne zmeny vo vonkajších vzťahoch ekonomiky Slovenska. Vybrané fakty o rozvoji nášho hospodárstva.

Analýza vývoja zahraničného obchodu Slovenska za obdobie vymedzené rokmi 1977, 1982 a 1987. Charakteristika vývoja globálnych ukazovateľov a štruktúrnych zmien v zahraničnom obchode slovenskej ekonomiky v kontexte čs. ekonomiky.

Gespeichert in:
Bibliographische Detailangaben
1. Verfasser: Mokrášová, Viera
Format: Buchkapitel
Sprache:Slowakisch
Schlagworte:
Tags: Tag hinzufügen
Keine Tags, Fügen Sie das erste Tag hinzu!

MARC

LEADER 00000naa a2200000 4500
001 r003044
005 20220819181146.8
041 0 |a slo 
044 |a [CS] 
245 1 0 |a Štruktúrne zmeny vo vonkajších vzťahoch ekonomiky Slovenska.  |b Vybrané fakty o rozvoji nášho hospodárstva.  |c Viera Mokrášová 
520 |a Analýza vývoja zahraničného obchodu Slovenska za obdobie vymedzené rokmi 1977, 1982 a 1987. Charakteristika vývoja globálnych ukazovateľov a štruktúrnych zmien v zahraničnom obchode slovenskej ekonomiky v kontexte čs. ekonomiky. 
610 2 0 |a obchod zahraničný 
610 2 0 |a vzťahy hospodárske vonkajšie 
610 2 0 |a dovoz 
610 2 0 |a vývoz 
610 2 0 |a zmeny štruktúrne 
610 2 0 |a Slovensko 
610 2 0 |a 1977 
610 2 0 |a 1982 
610 2 0 |a 1987 
610 2 0 |a ukazovatele štatistické 
610 2 0 |a ČSFR 
610 2 0 |a bilancia medziodvetvová 
100 1 |a Mokrášová, Viera